Countries of South and North America by Last 3 Letters - Statistics

General Stats
  • This quiz has been taken 1,002 times
  • The average score is 30 of 35
Answer Stats
No. Answers % Correct
33 United States (United States of America)
98%
11 Costa Rica
97%
13 Dominica
97%
22 Jamaica
97%
8 Canada
96%
17 Grenada
96%
7 Brazil
92%
2 Argentina
90%
15 Ecuador
90%
16 El Salvador
90%
26 Paraguay
90%
34 Uruguay
90%
23 Mexico
87%
9 Chile
86%
10 Colombia
86%
12 Cuba
84%
6 Bolivia
83%
19 Guyana
83%
24 Nicaragua
83%
27 Peru
83%
35 Venezuela
83%
5 Belize
82%
25 Panama
82%
14 Dominican Republic
81%
20 Haiti
81%
21 Honduras
81%
18 Guatemala
80%
31 Suriname
80%
3 Bahamas
79%
4 Barbados
78%
29 Saint Lucia
75%
32 Trinidad and Tobago
73%
1 Antigua and Barbuda
71%
28 Saint Kitts and Nevis
68%
30 Saint Vincent and the Grenadines
64%
No matching quizzes found
Score Distribution
Percent of People with Each Score
Percentile by Number Answered
Your Score History
You have not taken this quiz